[Event "Hessenliga 1314"]
[Site "Germany"]
[Date "2013.11.03"]
[Round "3.3"]
[White "Staller, Peter"]
[Black "Sroka, Dirk"]
[Result "1/2-1/2"]
[WhiteElo "2244"]
[BlackElo "2090"]
[PlyCount "64"]
[EventDate "2013.09.29"]
[EventType "team-tourn"]
[EventRounds "9"]
[EventCountry "GER"]
[SourceTitle "EXT 2015"]
[Source "ChessBase"]
[SourceDate "2014.11.20"]
[SourceVersion "1"]
[SourceVersionDate "2014.11.20"]
[SourceQuality "1"]
[WhiteTeam "Nied"]
[BlackTeam "Gelnhausen"]
[WhiteTeamCountry "GER"]
[BlackTeamCountry "GER"]

1. Nf3 c5 2. g3 Nc6 3. Bg2 g6 4. c4 Bg7 5. Nc3 Nf6 6. d4 cxd4 7. Nxd4 0-0 8. 0-0 Qa5 9. Nb3 Qh5 10. e4 d6 11. Qxh5 Nxh5 12. Nd5 Rb8 13. Rb1 Nf6 14. Bg5 Be6 15. c5 Bxd5 16. exd5 Nb4 17. cxd6 exd6 18. a3 Nbxd5 19. Rfd1 h6 20. Bxf6 Nxf6 21. Rxd6 Rfd8 22. Rbd1 Rxd6 23. Rxd6 Ne8 24. Rd7 Bxb2 25. a4 Nf6 26. Rxb7 Rxb7 27. Bxb7 Kf8 28. Kf1 Ke7 29. Ke2 Kd6 30. h3 Nd7 31. Ba6 Nc5 32. Nxc5 Kxc5 1/2-1/2

[Event "Hessen-ch Gr-A"]
[Site "Idstein"]
[Date "2009.04.09"]
[Round "4"]
[White "Sroka, Dirk"]
[Black "Stockmann, Michael"]
[Result "0-1"]
[WhiteElo "2110"]
[BlackElo "2197"]
[PlyCount "56"]
[EventDate "2009.04.08"]
[EventType "tourn"]
[EventRounds "7"]
[EventCountry "GER"]
[SourceTitle "CBM 129 Extra"]
[Source "ChessBase"]
[SourceDate "2009.05.05"]
[SourceVersion "2"]
[SourceVersionDate "2009.05.20"]
[SourceQuality "1"]

1. c4 c6 2. Nc3 d5 3. cxd5 cxd5 4. d4 Nc6 5. Nf3 Nf6 6. Bf4 Qb6 7. e3 Qxb2 8. Qc1 Qxc1+ 9. Rxc1 Bd7 10. Be2 e6 11. 0-0 Rc8 12. Rb1 Na5 13. Nb5 a6 14. Nd6+ Bxd6 15. Bxd6 Ne4 16. Bb4 Nc6 17. Bd3 Nxb4 18. Rxb4 Nd6 19. Nd2 Rc3 20. Rb3 Rxd3 21. Rxd3 Bb5 22. Rc3 Bxf1 23. Kxf1 Kd7 24. Nb3 Ne4 25. Rc2 Rc8 26. Rb2 b6 27. a4 a5 28. f3 Nc3 0-1

[Event "Hessen-ch Gr-B 62nd"]
[Site "Hanau"]
[Date "2008.03.22"]
[Round "6"]
[White "Benninger, Rudolf"]
[Black "Sroka, Dirk"]
[Result "1/2-1/2"]
[WhiteElo "2139"]
[BlackElo "2078"]
[PlyCount "42"]
[EventDate "2008.03.19"]
[EventType "swiss"]
[EventRounds "7"]
[EventCountry "GER"]
[SourceTitle "CBM 123 Extra"]
[Source "ChessBase"]
[SourceDate "2008.05.06"]
[SourceVersion "1"]
[SourceVersionDate "2008.05.06"]
[SourceQuality "1"]

1. e4 e6 2. d4 d5 3. e5 c5 4. c3 Nc6 5. Nf3 Qb6 6. a3 c4 7. Nbd2 f6 8. Be2 fxe5 9. Nxe5 Nxe5 10. dxe5 Bc5 11. 0-0 Ne7 12. b4 cxb3 13. Nxb3 0-0 14. Nxc5 Qxc5 15. a4 Qxc3 16. Ba3 Rf7 17. Re1 Nc6 18. Bd3 Nxe5 19. Bxh7+ Kxh7 20. Re3 Nf3+ 21. gxf3 Qf6 1/2-1/2